000 01474nmm a2200385 a 4500
003 AR-BaBNM
005 20251128210527.0
008 020020s1998 ||||||||||||||000 | spa||
020 _a84-277-1265-0
040 _cAR-BaBNM
111 2 _aCongreso Internacional Conmemorativo del 25 Aniversario de la incorporación de los Estudios de Magisterio Españoles a la Universidad
_cMadrid, España
_9dic.17-20
_d1997
245 1 0 _aLa formación de los maestros en los países de la Unión Europea
260 _aMadrid
_bNarcea
_c1998
300 0 _a342 p.
_btablas, gráfs.
500 0 _aLa organización del Congreso Internacional Conmemorativo del 25 aniversario de la incorporación de los estudios de magisterio españoles a la universidad Madrid 17-20 de diciembre de 1997 agradece a Narcea S. A. de ediciones y a la Fundación Investigacione
610 2 4 _aUnión Europea
650 4 _aFORMACION DE DOCENTES
650 4 _aROL DEL DOCENTE
650 4 _aEDUCACION BASICA
650 4 _aPRAXIS EDUCATIVA
650 4 _aPAPEL DE LA UNIVERSIDAD
650 4 _aPOLITICA EDUCATIVA
651 4 _aReino Unido
651 4 _aItalia
651 4 _aFrancia
651 4 _aEspaña
651 4 _aGalicia
653 0 _aEDUCACION INICIAL
653 0 _aEDUCACION SUPERIOR
700 1 _aRodríguez Marcos, Ana
_ecoordinador
700 1 _aSanz Lobo, Estefanía
_ecoordinador
700 1 _aSotomayor Sáez, María Victoria
_ecoordinador
942 _cBK
998 _cRaquel
999 _c15814
_d15814